Classement JO Tokyo - Cyclisme Hommes - Statistiques

Statistiques générales
  • Ce quiz a été pris 177 fois
  • Le résultat moyen est 21 sur 85
Statistiques - réponses
Rang Coureur Nationalité % Correct
3 Tadej Pogacar Slovénie
98%
2 Wout Van Aert Belgique
97%
1 Richard Carapaz Equateur
96%
7 David Gaudu France
76%
5 Michael Woods Canada
69%
28 Primoz Roglic Slovénie
68%
16 Daniel Martin Irlande
57%
27 Guillaume Martin France
57%
44 Tom Dumoulin Pays-Bas
52%
21 Alexey Lutsenko Kazakhstan
49%
13 Joao Almeida Portugal
49%
69 Nairo Alexander Quintana Rojas Colombie
49%
11 Michal Kwiatkowski Pologne
44%
53 Vincenzo Nibali Italie
42%
9 Adam Yates Grande-Bretagne
39%
6 Brandon McNulty Etats-Unis
39%
17 Simon Philip Yates Grande-Bretagne
39%
42 Alejandro Valverde Espagne
38%
18 Patrick Konrad Autriche
38%
15 Dylan Van Baarle Pays-Bas
36%
25 Marc Hirschi Suisse
36%
4 Bauke Mollema Pays-Bas
35%
40 Stefan Kueng Suisse
35%
85 Hugo Houle Canada
34%
49 Remco Evenepoel Belgique
34%
8 Rigoberto Uran Colombie
34%
10 Maximilian Schachmann Allemagne
33%
81 Sergio Andres Higuita Garcia Colombie
30%
26 George Bennett Nouvelle-Zélande
29%
22 Tom Skujins Lettonie
29%
19 Rafal Majka Pologne
28%
12 Jakob Fuglsang Danemark
27%
29 Emmanuel Buchmann Allemagne
26%
35 Yukiya Arashiro Japon
26%
67 Jan Tratnik Slovénie
24%
24 Damiano Caruso Italie
23%
14 Alberto Bettiol Italie
22%
37 Kevin Geniets Luxembourg
21%
31 Michael Schaer Suisse
21%
48 Richie Porte Australie
21%
57 Benoît Cosnefroy France
20%
59 Aleksandr Vlasov Russie
19%
47 Jhonnatan Manuel Narvaez Prado Equateur
19%
32 Pavel Sivakov France
19%
68 Andrey Amador Bakkazakova Costa Rica
18%
51 Wilco Kelderman Pays-Bas
18%
58 Tiesj Benoot Belgique
17%
60 Giulio Ciccone Italie
16%
33 Krists Neilands Lettonie
16%
61 Tobias S. Foss Norvège
16%
78 Michael Valgren Hundahl Danemark
14%
43 Jan Polanc Slovénie
13%
41 Nelson Filipe S. Simoes Oliveira Portugal
13%
20 Gianni Moscon Italie
12%
70 Gregor Muehlberger Autriche
12%
45 Jhoan Esteban Chaves Rubio Colombie
12%
46 Tanel Kangert Estonie
11%
65 Guillaume Boivin Canada
10%
74 Gino Maeder Suisse
9%
62 Jesus Herrada Lopez Espagne
9%
75 Nicolas Roche Irlande
8%
76 Edward Dunbar Irlande
7%
55 Merhawi Kudus Erythrée
7%
82 Tobias Halland Johannessen Norvège
6%
66 Aleksandr Riabushenko Biélorussie
5%
83 Andreas Leknessund Norvège
5%
23 Gorka Izaguirre Insausti Espagne
5%
79 Jon Izaguirre Insausti Espagne
5%
38 Kenny Elissonde France
5%
80 G Lawson Craddock Etats-Unis
4%
71 Lucas Hamilton Australie
4%
77 Mauri Vansevenant Belgique
4%
73 Michel Ries Luxembourg
4%
52 Stefan De Bod Afrique du Sud
4%
30 Hermann Pernsteiner Autriche
3%
54 Nikias Arndt Allemagne
3%
72 Luke Durbridge Australie
2%
34 Markus Hoelgaard Norvège
2%
36 Michael Kukrle Tchéquie
2%
84 Nariyuki Masuda Japon
2%
63 Polychronis Tzortzakis Grèce
2%
50 Amanuel Ghebreigzabhier Erythrée
1%
39 Eder Frayre Moctezuma Mexique
1%
64 Muradjan Halmuratov Ouzbékistan
1%
56 Anatolii Budiak Ukraine
0%
Aucun quiz correspondant
Distribution des résultats
% des personnes avec chaque résultat
Percentile par nombre de réponses
Votre historique - résultats
Vous n’avez pas pris ce quiz